A magabiztosság-krízis skála gyakorlati alkalmazása
Tanulmányunkban egy korábbi kutatásunk elméleti eredményeinek gyakorlati tapasztalatait kívánjuk bemutatni. 2011-ben a Magyar Számítógépes nyelvészeti Konferencián egy új narratív pszichológiai eljárást ismertettünk, melyben összekapcsoltuk a narratív pszichológiai tartalomelemzést és a vokális mint...
Elmentve itt :
| Szerző: | |
|---|---|
| Testületi szerző: | |
| Dokumentumtípus: | Könyv része |
| Megjelent: |
2014
|
| Sorozat: | Magyar Számítógépes Nyelvészeti Konferencia
10 |
| Kulcsszavak: | Nyelvészet - számítógép alkalmazása |
| Online Access: | http://acta.bibl.u-szeged.hu/58881 |
| LEADER | 02154naa a2200205 i 4500 | ||
|---|---|---|---|
| 001 | acta58881 | ||
| 005 | 20260224081030.0 | ||
| 008 | 190627s2014 hu o 100 hun d | ||
| 020 | |a 978-963-306-246-3 | ||
| 040 | |a SZTE Egyetemi Kiadványok Repozitórium |b hun | ||
| 041 | |a hun | ||
| 100 | 1 | |a Puskás László | |
| 245 | 1 | 2 | |a A magabiztosság-krízis skála gyakorlati alkalmazása |h [elektronikus dokumentum] / |c Puskás László |
| 260 | |c 2014 | ||
| 300 | |a 155-163 | ||
| 490 | 0 | |a Magyar Számítógépes Nyelvészeti Konferencia |v 10 | |
| 520 | 3 | |a Tanulmányunkban egy korábbi kutatásunk elméleti eredményeinek gyakorlati tapasztalatait kívánjuk bemutatni. 2011-ben a Magyar Számítógépes nyelvészeti Konferencián egy új narratív pszichológiai eljárást ismertettünk, melyben összekapcsoltuk a narratív pszichológiai tartalomelemzést és a vokális mintázatok pszichológiai „tartalomelemzését”. Feltételezésünk szerint a krízishelyzet nyelvi-fonetikai mintázata jól körülhatárolható, és ezen jegyek alapján a közl lelkiállapotára vonatkozóan pszichológiailag értékelhet megállapítások tehetk. A nyelvi tartalmi elemek és a megszólalás fonetikai szerkezetének mintázata alapján létrehoztuk a magabiztosság-krízis indexet, melynek értékébl következtetést vonhatunk le a beszél lelkiállapotára vonatkozóan. Vizsgálatunk nyelvi anyagát akkor Shakespeare Lear királyának els és utolsó nagymonológja alkotta, melyekben a krízishelyzet eltti és utáni állapotot vizsgáltuk. Meggyzdésünk volt, hogy a színészi játék modellálta helyzet olyan társas tapasztaláson alapul, amely alkalmas lehet arra, hogy a spontán megszólalások mintázatát követve, a való világban elforduló krízishelyzetekre vonatkozóan is értékelhet információt adjon. Jelenlegi kutatásunkban a magabiztosság-krízis indexet spontán megszólalásokon teszteltük. | |
| 695 | |a Nyelvészet - számítógép alkalmazása | ||
| 710 | |a Magyar Számítógépes Nyelvészeti Konferencia (10.) (2014) (Szeged) | ||
| 856 | 4 | 0 | |u http://acta.bibl.u-szeged.hu/58881/1/msznykonf_010_155-163.pdf |z Dokumentum-elérés |